Normal view
MARC view
- عبدالله بن الحسين الثاني، ملك الأردن، 1999؛ اشراف الديوان الملكي الهاشمي؛ جمع وتحرير منتهى قبلان العبداللات؛ تنسيق جنان زكي أبو زياد وآخرون
Entry Personal Name
001 - CONTROL NUMBER
- control field: 56025
003 - CONTROL NUMBER IDENTIFIER
- control field: JO-AjAnu
005 - DATE AND TIME OF LATEST TRANSACTION
- control field: 20230606083202.0
008 - FIXED-LENGTH DATA ELEMENTS
- fixed length control field: 230606|| aca||aabn | a|a d
040 ## - CATALOGING SOURCE
- Original cataloging agency: JO-AjAnu
- Transcribing agency: JO-AjAnu
100 ## - HEADING--PERSONAL NAME
- Personal name: عبدالله بن الحسين الثاني، ملك الأردن، 1999؛ اشراف الديوان الملكي الهاشمي؛ جمع وتحرير منتهى قبلان العبداللات؛ تنسيق جنان زكي أبو زياد وآخرون
670 ## - SOURCE DATA FOUND
- Source citation: Work cat.: (JO-AjAnu)28593: عبدالله بن الحسين الثاني، ملك الأردن، 1999؛ اشراف الديوان الملكي الهاشمي؛ جمع وتحرير منتهى قبلان العبداللات؛ تنسيق جنان زكي أبو زياد وآخرون, author, الخطاب السامي لصاحب الجلالة الهاشمية الملك عبدالله الثاني ابن الحسبن المعظم، مج 15